Statistics for Miranda Lambert Songs

Click here to take the quiz!

General Stats

  • This quiz has been taken 34 times
    (17 since last reset)
  • The average score is 6 of 15

Answer Stats

YearPeakSongOther Featured Artist% Correct
20141Somethin' BadCarrie Underwood
79%
20132Mama's Broken Heart
71%
20102White Liar
64%
20203Bluebird
57%
20101The House That Built Me
50%
20121Over You
50%
20155Little Red Wagon
50%
20183Drowns the WhiskeyJason Aldean
43%
20087Gunpowder and Lead
43%
20131We Were UsKeith Urban
36%
20162Vice
29%
20127Fastest Girl in Town
29%
20144Automatic
21%
20111Heart Like Mine
14%
20113Baggage Claim
7%

Score Distribution

Percentile by Number Answered

Percent of People with Each Score

Your Score History

You have not taken this quiz since the last reset